El arte gótico en España : (Record no. 184610)

MARC details
000 -LEADER
campo de control de longitud fija 00782nam a2200205 i 4500
001 - NÚMERO DE CONTROL
campo de control 184610
003 - IDENTIFICADOR DE NÚMERO DE CONTROL
campo de control ES-MaACL
005 - FECHA Y HORA DE LA ÚLTIMA TRANSACCIÓN
campo de control 20231227175054.0
008 - DATOS DE LONGITUD FIJA--INFORMACIÓN GENERAL
campo de control de longitud fija 151027s1935 sp |||| | spa d
100 1# - ENTRADA PRINCIPAL--NOMBRE DE PERSONA
Nombre de persona Lozoya, Juan de Contreras y López de Ayala,
Títulos y otros términos asociados al nombre Marqués de,
Fechas asociadas al nombre 1893-1978
9 (RLIN) 129112
245 13 - MENCIÓN DEL TÍTULO
Título El arte gótico en España :
Resto del título arquitectura, escultura, pintura /
Mención de responsabilidad, etc. por M. de Lozoya... y L.F. de Peñalosa.
260 ## - PUBLICACIÓN, DISTRIBUCIÓN, ETC.
Lugar de publicación, distribución, etc. Barcelona :
Nombre del editor, distribuidor, etc. Labor,
Fecha de publicación, distribución, etc. 1935.
300 ## - DESCRIPCIÓN FÍSICA
Extensión 171 p. :
Otras características físicas 16 lám. ;
Dimensiones 19 cm.
490 1# - MENCIÓN DE SERIE
Mención de serie Colección Pro Ecclesia et Patria ;
Designación de volumen o secuencia 4
650 04 - PUNTO DE ACCESO ADICIONAL DE MATERIA--TÉRMINO DE MATERIA
Término de materia o nombre geográfico como elemento de entrada Arte gótico-
Subdivisión geográfica España.
9 (RLIN) 10216
700 1# - ENTRADA AGREGADA--NOMBRE PERSONAL
Nombre de persona Peñalosa, Luis Felipe de.
9 (RLIN) 158031
830 0# - PUNTO DE ACCESO ADICIONAL DE SERIE-TÍTULO UNIFORME
Título uniforme Colección Pro Ecclesia et Patria ;
Designación de volumen o secuencia 4
9 (RLIN) 192193
852 ## - LOCALIZACIÓN
Ubicación ES-MaACL
Número de control de estantería C-29137
Holdings
Estatus retirado Estado de pérdida Estado de daño No para préstamo Biblioteca de origen Biblioteca actual Ubicación en estantería Fecha de adquisición Fuente de adquisición Total de préstamos Signatura topográfica completa Código de barras Visto por última vez Precio de reemplazo Tipo de ítem Koha
        Biblioteca del Ateneo de Madrid Biblioteca del Ateneo de Madrid Depósito 2 27/10/2015     C-29137 1194365 23/02/2023 23/02/2023 Libro impreso